LES 10 PAYS LES PLUS PAUVRES DU MONDE - Statistiques

Statistiques générales
  • Ce quiz a été pris 264 fois
  • Le résultat moyen est 4 sur 10
Statistiques - réponses
RANG PAYS % Correct
4 REPUBLIQUE DEMOCRATIVE DU CONGO
67%
1 SOUDAN
57%
6 NIGER
53%
2 BURUNDI
40%
7 MALAWI
31%
9 MADAGASCAR
30%
3 REPUBLIQUE CENTRAFRICAINE
30%
10 YEMEN
26%
5 MOZAMBIQUE
22%
8 LIBERIA
21%
Aucun quiz correspondant
Distribution des résultats
% des personnes avec chaque résultat
Percentile par nombre de réponses
Votre historique - résultats
Vous n’avez pas pris ce quiz